[Event "GRE-ch U16"]
[Site "Rio Achaia"]
[Date "2012.06.24"]
[Round "1.10"]
[White "Poulopoulos, Ioannis"]
[Black "Bakoyannis, Thodoris"]
[Result "1-0"]
[WhiteElo "2016"]
[BlackElo "1602"]
[PlyCount "75"]
[EventDate "2012.06.24"]
[EventType "swiss"]
[EventRounds "6"]
[EventCountry "GRE"]
[SourceTitle "EXT 2024"]
[Source "ChessBase"]
[SourceDate "2023.10.10"]
[SourceVersion "1"]
[SourceVersionDate "2023.10.10"]
[SourceQuality "1"]

1. e4 c5 2. Nf3 Nc6 3. d4 cxd4 4. Nxd4 e6 5. Nc3 Qc7 6. Be3 a6 7. Qd2 Nf6 8. 0-0-0 Be7 9. f4 d6 10. Be2 0-0 11. g4 Re8 12. g5 Nd7 13. h4 b5 14. f5 Nc5 15. g6 fxg6 16. fxg6 h6 17. a3 Nxd4 18. Bxd4 Bb7 19. Bg4 Bf8 20. Rhf1 Nxe4 21. Qf4 Rac8 22. Bb6 Qxb6 23. Bxe6+ Kh8 24. Bxc8 Nf6 25. Bxb7 Qxb7 26. Nd5 Re6 27. Nxf6 Rxf6 28. Qd4 Qe7 29. Rxf6 gxf6 30. h5 Kg8 31. Kb1 Kh8 32. Qd5 Kg7 33. Qc6 Qe2 34. Qd7+ Be7 35. Rxd6 Qe1+ 36. Rd1 Qe2 37. Qd5 Kh8 38. Qf7 1-0

[Event "GRE-chT 39th"]
[Site "Eretria"]
[Date "2011.07.05"]
[Round "4.16"]
[White "Bakoyannis, Thodoris"]
[Black "Kourkoulos Arditis, Stamatis"]
[Result "0-1"]
[WhiteElo "1629"]
[BlackElo "2123"]
[PlyCount "88"]
[EventDate "2011.07.03"]
[EventType "team-swiss"]
[EventRounds "7"]
[EventCountry "GRE"]
[SourceTitle "CBM 143 Extra"]
[Source "ChessBase"]
[SourceDate "2011.08.29"]
[SourceVersion "1"]
[SourceVersionDate "2011.08.29"]
[SourceQuality "1"]
[WhiteTeam "Aigialeias Chess Union"]
[BlackTeam "Kallithea"]
[WhiteTeamCountry "GRE"]
[BlackTeamCountry "GRE"]

1. e4 c5 2. Nc3 e6 3. g3 Nc6 4. Bg2 g6 5. d3 Bg7 6. Be3 d6 7. f4 Nge7 8. Nf3 0-0 9. 0-0 Rb8 10. Qd2 b5 11. a3 a5 12. Rae1 b4 13. axb4 axb4 14. Nd1 Ba6 15. e5 Nf5 16. Bf2 b3 17. c3 dxe5 18. Bxc5 Re8 19. fxe5 Bxd3 20. Rf2 Rb5 21. Nd4 Ncxd4 22. Bxd4 Nxd4 23. Qxd3 Nc2 24. Qxb5 Nxe1 25. Kf1 Nc2 26. Ke2 Bh6 27. Qd3 Qxd3+ 28. Kxd3 Rd8+ 29. Kc4 Rxd1 30. Kxb3 Ne3 31. Bf3 Rd8 32. Ka2 Nc4 33. b4 Nxe5 34. Kb3 Nxf3 35. Rxf3 e5 36. h4 e4 37. Rf1 Bd2 38. Rf2 e3 39. Re2 Rd3 40. b5 Rxc3+ 41. Kb4 Rc1+ 42. Ka4 Re1 43. Rg2 e2 44. b6 Ra1+ 0-1